La perception du secteur privé des services des Intérets communautaires pour una libération du Commerce International des services; document

Guardado en:
Bibliografiske detaljer
Institution som forfatter: Commission des Communautés Européennes
Format: Texto
Udgivet: Bruselas: CEE
Tags: Tilføj Tag
Ingen Tags, Vær først til at tagge denne postø!

MARC

LEADER 00000 a a2200000 04500
001 23431
003
040
020 |a 92-825-4894-5  
090 |a 162900  
110 |a Commission des Communautés Européennes  
245 |a La perception du secteur privé des services des Intérets communautaires pour una libération du Commerce International des services; document  
260 |a Bruselas:   |b CEE  
300 |a 196 p   |b **no definido**  
999 |c 10476  |d 10476